[Event "DVM U12 2010"]
[Site "Templin OT Groß Dölln GER"]
[Date "2010.12.28"]
[Round "3"]
[White "Greßmann, Moritz"]
[Black "Baskin, Robert"]
[Result "0-1"]
[Termination "normal"]
[Board "1.1"]
[WhiteElo "1633"]
[BlackElo "1891"]
[WhiteTeam "BSV Chemie Weißensee"]
[BlackTeam "Makkabi Frankfurt"]
[WhiteFideId "24695084"]
[BlackFideId "24662402"]
[EventCountry "GER"]
[EventRounds "7"]
[EventType "team-swiss"]
[EventDate "2010.12.26"]

1. Nf3 c5 2. g3 b6 3. Bg2 Bb7 4. O-O Nf6 5. Nc3 d5 6. e3 e6 7. d4 Be7 8. Ne5
O-O 9. f4 Nc6 10. a3 Nd7 11. Rf2 Rc8 12. Bh3 Ndxe5 13. fxe5 Na5 14. Qg4 Bg5 15.
Nb5 Nc4 16. Nd6 Nxd6 17. exd6 cxd4 18. exd4 Bxc1 19. Rxc1 Qxd6 20. Rcf1 Ba6 21.
Re1 h6 22. Re5 Kh7 23. Qh5 Qe7 24. Qf5+ g6 25. Qf3 Qd8 26. c3 Bc4 27. Qf4 Qe7
28. Qf3 Kg7 29. Kh1 Rc6 30. Kg1 Rcc8 31. Kh1 Rce8 32. Kg1 Qd8 33. Kh1 Bb5 34.
Kg1 Bd7 35. Kh1 f6 36. Re3 e5 37. Bxd7 Qxd7 38. Rd2 e4 39. Qf1 f5 40. Rf2 g5
41. Qh3 Qf7 42. Qg2 Kh7 43. Qh3 f4 44. gxf4 gxf4 45. Ree2 Re6 46. Re1 Rg6 47.
Rg1 Rxg1+ 48. Kxg1 f3 49. Qf1 e3 50. Rc2 Qg6+ 0-1

[Event "DVM U12 2010"]
[Site "Templin OT Groß Dölln GER"]
[Date "2010.12.28"]
[Round "3"]
[White "Mager, Denis"]
[Black "Donath, Johann"]
[Result "1/2-1/2"]
[Termination "normal"]
[Board "1.2"]
[WhiteElo "1681"]
[BlackElo "1520"]
[WhiteTeam "Makkabi Frankfurt"]
[BlackTeam "BSV Chemie Weißensee"]
[WhiteFideId "24691127"]
[BlackFideId "24685160"]
[EventCountry "GER"]
[EventRounds "7"]
[EventType "team-swiss"]
[EventDate "2010.12.26"]

1. d4 Nf6 2. c4 g6 3. Nc3 Bg7 4. e4 d6 5. f4 O-O 6. Nf3 c5 7. dxc5 dxc5 8. Be3
b6 9. h3 Nh5 10. Qxd8 Rxd8 11. Nd5 Rd7 12. O-O-O Ng3 13. Rg1 Bb7 14. e5 e6 15.
Nc3 Rxd1+ 16. Kxd1 Bxf3+ 17. gxf3 Nf5 18. Bd2 Nc6 19. Bd3 Ncd4 20. Be4 Rd8 21.
Ne2 Bh6 22. b3 Kf8 23. Nxd4 Nxd4 24. Ke1 Ke8 25. h4 Bf8 26. h5 Bg7 27. hxg6
hxg6 28. Rh1 Kf8 29. Be3 Kg8 30. Kf2 Bf8 31. Rd1 Be7 32. Bxd4 Rxd4 33. Rxd4
cxd4 34. Ke2 Bc5 35. Kd3 a5 1/2-1/2

[Event "DVM U12 2010"]
[Site "Templin OT Groß Dölln GER"]
[Date "2010.12.28"]
[Round "3"]
[White "Koch, Elisabeth"]
[Black "Greif, Gavin"]
[Result "1-0"]
[Termination "normal"]
[Board "1.3"]
[WhiteElo "1306"]
[BlackElo "1713"]
[WhiteTeam "BSV Chemie Weißensee"]
[BlackTeam "Makkabi Frankfurt"]
[WhiteFideId "24695068"]
[BlackFideId "24662429"]
[EventCountry "GER"]
[EventRounds "7"]
[EventType "team-swiss"]
[EventDate "2010.12.26"]

1. e4 e5 2. Nf3 Nc6 3. Bc4 Nf6 4. Ng5 d5 5. exd5 Na5 6. Bb5+ c6 7. dxc6 bxc6 8.
Be2 h6 9. Nf3 e4 10. Ne5 Qc7 11. d4 exd3 12. Nxd3 Bd6 13. b3 O-O 14. Bb2 Nd5
15. Nc3 Bxh2 16. g3 Bxg3 17. fxg3 Qxg3+ 18. Nf2 Nxc3 19. Qd4 Nxe2 20. Kxe2 Ba6+
21. c4 Rfe8+ 22. Kf1 Qg6 23. Rg1 Re6 24. Rxg6 Rxg6 25. Ng4 Kh7 26. Re1 Bc8 27.
Ne5 Rg5 28. Qd3+ g6 29. Qc3 Bh3+ 30. Qxh3 1-0

[Event "DVM U12 2010"]
[Site "Templin OT Groß Dölln GER"]
[Date "2010.12.28"]
[Round "3"]
[White "Paulsen, Alexej"]
[Black "Fabiunke, Jakob"]
[Result "1-0"]
[Termination "normal"]
[Board "1.4"]
[WhiteElo "1559"]
[BlackElo "1385"]
[WhiteTeam "Makkabi Frankfurt"]
[BlackTeam "BSV Chemie Weißensee"]
[WhiteFideId "24662372"]
[BlackFideId "24686085"]
[EventCountry "GER"]
[EventRounds "7"]
[EventType "team-swiss"]
[EventDate "2010.12.26"]

1. e4 e5 2. Nf3 Nc6 3. Bb5 Bc5 4. O-O d6 5. d3 Nf6 6. c3 a6 7. Ba4 O-O 8. Bg5
Bg4 9. Nbd2 b5 10. Bb3 Rb8 11. Bd5 Na7 12. b4 Bb6 13. a4 c6 14. Bb3 bxa4 15.
Rxa4 Nb5 16. Qc2 Ra8 17. Rfa1 Nc7 18. Bc4 Bc8 19. Bb3 c5 20. Nc4 Rb8 21. Nxb6
Rxb6 22. bxc5 dxc5 23. Nxe5 Qe7 24. Nc4 Rb8 25. e5 Re8 26. h3 Qd7 27. exf6 gxf6
28. Bf4 Kh8 29. Nd6 Rf8 30. Nxc8 Rbxc8 31. Bc4 Rg8 32. Bg3 Rg7 33. Qe2 Rcg8 34.
Qf3 Qe7 35. Qf4 Ne6 36. Bxe6 Qxe6 37. Rxa6 Qd5 38. Qf3 Qd8 39. Ra8 Qb6 40. R8a6
Qd8 41. Rxf6 Qd7 42. Ra8 1-0

[Event "DVM U12 2010"]
[Site "Templin OT Groß Dölln GER"]
[Date "2010.12.28"]
[Round "3"]
[White "Riehle, Marco"]
[Black "Dürr, Florian"]
[Result "1/2-1/2"]
[Termination "normal"]
[Board "2.1"]
[WhiteElo "1591"]
[BlackElo "1809"]
[WhiteTeam "SF Sasbach"]
[BlackTeam "SC Erlangen"]
[WhiteFideId "12904392"]
[BlackFideId "24659134"]
[EventCountry "GER"]
[EventRounds "7"]
[EventType "team-swiss"]
[EventDate "2010.12.26"]

1. e4 e6 2. d4 d5 3. Nd2 Nf6 4. e5 Nfd7 5. Ngf3 c5 6. c3 Nc6 7. Bd3 Qb6 8. O-O
Be7 9. dxc5 Nxc5 10. Bb1 f6 11. exf6 Bxf6 12. Nb3 Nxb3 13. axb3 O-O 14. Ng5
Bxg5 15. Bxg5 Qc7 16. Ra4 Ne7 17. Rh4 g6 18. Re1 Nf5 19. Bxf5 Rxf5 20. f4 Bd7
21. Qd4 Qb6 22. Qxb6 axb6 23. Be7 b5 24. Bd6 Rf7 25. g4 Ra6 26. Be5 Kf8 27. g5
Ke7 28. b4 Bc8 29. Rg4 Kd7 30. Re2 Kc6 31. Rf2 b6 32. h4 Ra8 33. Rf1 Ra2 34.
Rb1 Rfa7 35. Kh2 Bd7 36. Kg3 Be8 37. Kf3 Bf7 38. Ke3 Ra8 39. Kd4 Bg8 {Die
gesamte partie - insbesondere die letzten 20 und die noch fehlenden Züge -
konnten wegen der undeutlichen Schreibweise nicht eindeutig nachvollzogen
werden} 1/2-1/2

[Event "DVM U12 2010"]
[Site "Templin OT Groß Dölln GER"]
[Date "2010.12.28"]
[Round "3"]
[White "Wegmann, Sven"]
[Black "Bohnert, Dominik"]
[Result "0-1"]
[Termination "normal"]
[Board "2.2"]
[WhiteElo "1656"]
[BlackElo "1425"]
[WhiteTeam "SC Erlangen"]
[BlackTeam "SF Sasbach"]
[WhiteFideId "1270756"]
[BlackFideId "12918075"]
[EventCountry "GER"]
[EventRounds "7"]
[EventType "team-swiss"]
[EventDate "2010.12.26"]

1. e4 e5 2. Nf3 Nc6 3. Bc4 Bc5 4. O-O d6 5. d3 Nf6 6. Nc3 a6 7. a3 Bg4 8. Be3
Bd4 9. Rb1 Bxe3 10. fxe3 O-O 11. Qe1 Ne7 12. Rd1 d5 13. Bb3 dxe4 14. dxe4 Qc8
15. Rd2 Bxf3 16. Rxf3 Ng6 17. Nd5 Nxe4 18. Rd1 Nd6 19. Qc3 Qg4 20. Qd3 e4 21.
Rg3 Qxg3 22. Qf1 Qe5 23. c3 Nf5 24. Re1 Nfe7 25. Nf4 Nxf4 26. exf4 Qc5+ 27. Kh1
e3 28. Qf3 Qb5 0-1

[Event "DVM U12 2010"]
[Site "Templin OT Groß Dölln GER"]
[Date "2010.12.28"]
[Round "3"]
[White "Martin, Julian"]
[Black "Wegmann, Simon"]
[Result "1-0"]
[Termination "normal"]
[Board "2.3"]
[WhiteElo "1395"]
[BlackElo "1394"]
[WhiteTeam "SF Sasbach"]
[BlackTeam "SC Erlangen"]
[WhiteFideId "12941000"]
[BlackFideId "1270758"]
[EventCountry "GER"]
[EventRounds "7"]
[EventType "team-swiss"]
[EventDate "2010.12.26"]

1. e4 e5 2. Nf3 Nc6 3. d4 exd4 4. Bc4 Nf6 5. e5 d5 6. Bb5 Ne4 7. Nxd4 Bc5 8.
Be3 O-O 9. Bxc6 bxc6 10. O-O Bxd4 11. Bxd4 c5 12. Be3 d4 13. Bd2 f6 14. Re1
Nxd2 15. Nxd2 fxe5 16. Qe2 Qf6 17. f3 Re8 18. Qc4+ Kh8 19. Qxc5 Bh3 20. Ne4 Qg6
21. Ng3 Bf5 22. Nxf5 Qxf5 23. Qxc7 Rac8 24. Qxa7 Rxc2 25. Qxd4 Qg5 26. Qg4 Qd2
27. b3 Rxa2 28. Rf1 e4 29. Rxa2 Qxa2 30. fxe4 Qxb3 31. h3 g6 32. Re1 Qb6+ 33.
Kh1 Qb4 34. Qh4 Qd6 35. Qf2 Qe5 36. Qd2 Qc7 37. Qd4+ Re5 38. Rb1 Kg8 39. Rf1
Rc5 40. Qb4 Rc1 41. Qf8# 1-0

[Event "DVM U12 2010"]
[Site "Templin OT Groß Dölln GER"]
[Date "2010.12.28"]
[Round "3"]
[White "Tong, Kevin"]
[Black "Ehmann, Thilo"]
[Result "1-0"]
[Termination "normal"]
[Board "2.4"]
[WhiteElo "1407"]
[BlackElo "1288"]
[WhiteTeam "SC Erlangen"]
[BlackTeam "SF Sasbach"]
[WhiteFideId "12913944"]
[BlackFideId "12940968"]
[EventCountry "GER"]
[EventRounds "7"]
[EventType "team-swiss"]
[EventDate "2010.12.26"]

1. e4 e5 2. Nf3 Nc6 3. d4 exd4 4. Bc4 Bc5 5. c3 Nf6 6. cxd4 Bb4+ 7. Nc3 Nxe4 8.
O-O Bxc3 9. bxc3 d5 10. Bd3 O-O 11. Qc2 Re8 12. Nd2 Nf6 13. Ba3 Bg4 14. Rfe1
Bh5 15. Rab1 Rb8 16. Nb3 b6 17. Re3 Rxe3 18. fxe3 Bg6 19. Bxg6 hxg6 20. Nd2 Qe8
21. Re1 b5 22. e4 Rb7 23. e5 Nd7 24. Nb3 a5 25. Nc5 Nxc5 26. Bxc5 a4 27. Qe2
Nd8 28. Qf2 Qe6 29. Qh4 Nc6 30. Rf1 g5 31. Qxg5 Rb8 32. Rf3 Qh6 33. Qxh6 gxh6
34. Rf6 Nd8 35. Rxh6 Kg7 36. Rf6 Ne6 37. Bb4 Rh8 38. g3 Rh7 39. Kg2 Rh5 40. g4
Rg5 41. Kg3 Rg6 42. Rxg6+ Kxg6 43. h4 c6 44. Be7 Nc7 45. h5+ Kh7 46. g5 Ne6 47.
Kg4 Nc7 48. Kf5 Ne8 49. Bf6 c5 50. Be7 b4 51. cxb4 cxb4 52. Bxb4 Kg8 53. g6 Nc7
54. Kf6 fxg6 55. Kxg6 Ne8 56. h6 a3 57. h7+ Kh8 58. Bf8 Nf6 59. Bg7# 1-0

[Event "DVM U12 2010"]
[Site "Templin OT Groß Dölln GER"]
[Date "2010.12.28"]
[Round "3"]
[White "Gungl, Theo"]
[Black "Müller, Constantin"]
[Result "0-1"]
[Termination "normal"]
[Board "3.1"]
[WhiteElo "1735"]
[BlackElo "1874"]
[WhiteTeam "USV TU Dresden"]
[BlackTeam "SK München Südost"]
[WhiteFideId "24695653"]
[BlackFideId "24697630"]
[EventCountry "GER"]
[EventRounds "7"]
[EventType "team-swiss"]
[EventDate "2010.12.26"]

1. e4 e6 2. d4 d5 3. Nc3 Bb4 4. e5 Bf8 5. Nf3 b6 6. Be3 Ne7 7. Bd3 Ba6 8. O-O
$1 Nf5 9. Re1 Bxd3 10. Qxd3 Be7 11. Nd2 O-O $1 12. Nf1 c5 13. Ng3 Nxg3 14. hxg3
Nc6 15. Ne2 f6 16. exf6 Rxf6 17. c3 Qd7 18. Bg5 Rf7 19. Bxe7 Rxe7 20. dxc5 bxc5
21. Nf4 Rd8 22. Re2 e5 23. Nh3 e4 24. Qd2 Ne5 25. Nf4 Nc4 26. Qc2 Qc6 27. b3
Nb6 28. Rd1 a5 29. Nh3 h6 30. f3 e3 31. Rde1 Qe8 32. Nf4 g5 33. Nd3 Rc8 34. Qc1
d4 35. c4 Qg6 36. Qc2 Nd7 37. Nb4 Qxc2 38. Nxc2 Ne5 39. Nxe3 dxe3 40. Rxe3 Rce8
41. Kf1 Nc6 42. Kf2 Kf7 43. Rxe7+ Rxe7 44. Rxe7+ Kxe7 45. Ke3 Ke6 46. Ke4 Nd4
47. g4 Ne2 48. Ke3 Nc1 49. a4 Nxb3 50. g3 Kd6 51. f4 Ke6 52. Kd3 Nd4 53. Ke3
Nc6 54. Kd3 Ne7 55. Ke4 Kd6 56. Kd3 gxf4 57. gxf4 Ke6 58. Ke4 Ng8 59. f5+ Kd6
60. Kf4 Nf6 61. Kg3 Ke5 62. Kf3 h5 63. g5 Kxf5 64. gxf6 Kxf6 0-1

[Event "DVM U12 2010"]
[Site "Templin OT Groß Dölln GER"]
[Date "2010.12.28"]
[Round "3"]
[White "Ovsepyan, Arshak"]
[Black "Schamschurko, André"]
[Result "1-0"]
[Termination "normal"]
[Board "3.2"]
[WhiteElo "1947"]
[BlackElo "1738"]
[WhiteTeam "SK München Südost"]
[BlackTeam "USV TU Dresden"]
[WhiteFideId "24690236"]
[BlackFideId "24695670"]
[EventCountry "GER"]
[EventRounds "7"]
[EventType "team-swiss"]
[EventDate "2010.12.26"]

1. e4 e6 2. d4 d5 3. exd5 exd5 4. Bd3 Bd6 5. Nf3 Nc6 6. c3 Nge7 7. Be3 Bf5 8.
Qc2 Qd7 9. Nbd2 O-O-O 10. b4 Rde8 11. O-O f6 12. a4 Bxd3 13. Qxd3 Nf5 14. a5
Nxe3 15. fxe3 f5 16. b5 Nd8 17. c4 dxc4 18. Nxc4 Nf7 19. b6 cxb6 20. axb6 a6
21. Nxd6+ Nxd6 22. Ne5 Qe6 23. Qc3+ Nc4 24. Qxc4+ Qxc4 25. Nxc4 Kb8 26. Rxf5 g6
27. Rf7 Ref8 28. Raf1 Rxf7 29. Rxf7 Rc8 30. Nd6 Rc1+ 31. Kf2 Rc2+ 32. Kf3 Ra2
33. Rxb7+ Ka8 1-0

[Event "DVM U12 2010"]
[Site "Templin OT Groß Dölln GER"]
[Date "2010.12.28"]
[Round "3"]
[White "Birkenheuer, Simon"]
[Black "Bergauz, Noam"]
[Result "1-0"]
[Termination "normal"]
[Board "3.3"]
[WhiteElo "1486"]
[BlackElo "1361"]
[WhiteTeam "USV TU Dresden"]
[BlackTeam "SK München Südost"]
[WhiteFideId "12964786"]
[BlackFideId "12938033"]
[EventCountry "GER"]
[EventRounds "7"]
[EventType "team-swiss"]
[EventDate "2010.12.26"]

1. e4 c6 2. d4 d5 3. e5 Bf5 4. Nd2 e6 5. Nb3 Nd7 6. Nf3 a6 7. Be3 Bg6 8. Be2
Nh6 9. O-O Nf5 10. c3 Nxe3 11. fxe3 c5 12. Qe1 Be7 13. Qg3 O-O 14. h4 Bh5 15.
Nbd2 Bxh4 16. Nxh4 Bxe2 17. Rf2 Bd3 18. Nhf3 c4 19. Ne1 Bg6 20. Qg4 b5 21. e4
Nb6 22. Nc2 dxe4 23. Nxe4 Bf5 24. Qf3 Bxe4 25. Qxe4 Nd5 26. Rf3 Qg5 27. Ne3
Nxe3 28. Qxe3 Qxe3+ 29. Rxe3 a5 30. Rd1 Rfd8 31. Kf2 Ra7 32. Re2 b4 33. Rc2 Rc7
34. Ke3 f6 35. exf6 gxf6 36. cxb4 axb4 37. Rdc1 Rdc8 38. Ke4 Kf7 39. Rh1 Kg6
40. Rhc1 h5 41. Kf4 c3 42. bxc3 Rxc3 43. Rxc3 bxc3 44. Ke3 c2 45. Kd3 Kf5 46.
Rxc2 Rxc2 47. Kxc2 Ke4 48. Kc3 Kd5 49. Kd3 f5 50. a4 h4 51. a5 Kc6 52. Ke3 Kb5
53. Kf4 Kxa5 54. Ke5 Kb6 55. Kxe6 Kc7 56. Kxf5 Kd6 57. Kg4 Kd5 58. Kxh4 Kxd4
59. Kg5 Ke5 60. g4 Ke6 61. Kg6 Ke7 62. Kg7 Ke8 63. g5 1-0

[Event "DVM U12 2010"]
[Site "Templin OT Groß Dölln GER"]
[Date "2010.12.28"]
[Round "3"]
[White "Leeb, Simon"]
[Black "Fuchs, Sebastian"]
[Result "0-1"]
[Termination "normal"]
[Board "3.4"]
[WhiteElo "1235"]
[BlackElo "1363"]
[WhiteTeam "SK München Südost"]
[BlackTeam "USV TU Dresden"]
[WhiteFideId "12924768"]
[EventCountry "GER"]
[EventRounds "7"]
[EventType "team-swiss"]
[EventDate "2010.12.26"]

1. Nf3 Nc6 2. c4 e5 3. Nc3 d6 4. g3 Nf6 5. d3 Bd7 6. Bg2 Be7 7. O-O Qc8 8. a3
O-O 9. b4 a6 10. Nd2 Bh3 11. Nde4 h6 12. Be3 Bxg2 13. Kxg2 Ng4 14. Qd2 f5 15.
f3 Nxe3+ 16. Qxe3 fxe4 17. Nxe4 Nd4 18. Qd2 Nb3 19. Qe3 Nxa1 20. Rxa1 Qd8 21.
Qd2 Bf6 22. Rf1 Bg5 23. Qb2 Kh8 24. Nc3 c6 25. Ne4 Qe7 26. Qb3 b5 27. c5 d5 28.
Nc3 Qf7 29. Nd1 a5 30. Nf2 d4 31. Qb1 axb4 32. axb4 Qa2 33. Qe1 Qd2 34. Qb1
Qxe2 35. Qd1 Qxd1 36. Rxd1 Ra2 37. Rf1 Be3 38. h4 Rfa8 39. g4 R8a3 40. Kg3
Bxf2+ 41. Rxf2 Rxf2 42. Kxf2 Rxd3 43. g5 Rb3 44. gxh6 gxh6 45. h5 Kg7 46. f4
exf4 47. Ke2 Re3+ 48. Kd2 f3 49. Kc2 f2 50. Kb2 f1=Q 51. Ka2 Qf2+ 52. Kb1 Re1#
0-1

[Event "DVM U12 2010"]
[Site "Templin OT Groß Dölln GER"]
[Date "2010.12.28"]
[Round "3"]
[White "Wendland, Tobias"]
[Black "Kasel, Ronaldo"]
[Result "1/2-1/2"]
[Termination "normal"]
[Board "4.1"]
[WhiteElo "1621"]
[BlackElo "1618"]
[WhiteTeam "SV Backnang"]
[BlackTeam "SG Trier"]
[WhiteFideId "24662267"]
[BlackFideId "24660949"]
[EventCountry "GER"]
[EventRounds "7"]
[EventType "team-swiss"]
[EventDate "2010.12.26"]

1. d4 {[%emt 0:00:00]} d5 2. c4 c6 3. Nc3 Nf6 4. Nf3 Nbd7 5. Bf4 Nh5 6. Bg5 h6
7. Bh4 Nhf6 8. e3 a6 9. c5 b6 10. cxb6 Qxb6 11. Qc2 e6 12. Bd3 c5 13. O-O c4
14. Be2 Bb7 15. Bg3 Rc8 16. Ne5 Bd6 17. Nxd7 Nxd7 18. Bxd6 Qxd6 19. Rfe1 O-O
20. Rad1 Rfe8 21. Bf3 f6 22. g3 Nb6 23. e4 Rcd8 24. e5 fxe5 25. Rxe5 Nd7 26.
Re3 Bc6 27. Rde1 Nf6 28. Bg2 Bd7 29. Na4 Bxa4 30. Qxa4 Nd7 31. Bh3 Nf8 32. Qc2
Qb6 1/2-1/2

[Event "DVM U12 2010"]
[Site "Templin OT Groß Dölln GER"]
[Date "2010.12.28"]
[Round "3"]
[White "Röhlich, Philipp"]
[Black "Maier, Lukas"]
[Result "1-0"]
[Termination "normal"]
[Board "4.2"]
[WhiteElo "1711"]
[BlackElo "1387"]
[WhiteTeam "SG Trier"]
[BlackTeam "SV Backnang"]
[WhiteFideId "24692832"]
[BlackFideId "12946184"]
[EventCountry "GER"]
[EventRounds "7"]
[EventType "team-swiss"]
[EventDate "2010.12.26"]

1. Nf3 d5 2. g3 c6 3. Bg2 Nf6 4. O-O Bf5 5. d3 e6 6. b3 Nbd7 7. c4 Bd6 8. Bb2
O-O 9. Nbd2 Rc8 10. Re1 Bc5 11. e4 Bg4 12. h3 Bh5 13. a3 a6 14. d4 Ba7 15. e5
Ne8 16. c5 f6 17. Qc1 Bb8 18. exf6 Nexf6 19. Rxe6 Re8 20. Re1 Bc7 21. Qc2 Re7
22. Rxe7 Qxe7 23. Re1 Qf7 24. Qc1 Re8 25. Ng5 Rxe1+ 26. Qxe1 Qe8 27. Qxe8+ Bxe8
28. Ne6 Bb8 29. Nd8 Bc7 30. Nxb7 Bg6 31. Bc3 Kf7 32. Kf1 Bd3+ 33. Ke1 g5 34.
Bf1 Bxf1 35. Kxf1 h5 36. Ba5 Bxa5 37. Nxa5 Nb8 38. Nf3 Ne4 39. Ne5+ Kf6 40.
Naxc6 Nxc6 41. Nxc6 Nd2+ 42. Ke2 Nxb3 43. Kd3 a5 44. a4 Ke6 45. Kc2 1-0

[Event "DVM U12 2010"]
[Site "Templin OT Groß Dölln GER"]
[Date "2010.12.28"]
[Round "3"]
[White "Zouani, Samir"]
[Black "Bauer, Lukas"]
[Result "1/2-1/2"]
[Termination "normal"]
[Board "4.3"]
[WhiteElo "1263"]
[BlackElo "1571"]
[WhiteTeam "SV Backnang"]
[BlackTeam "SG Trier"]
[WhiteFideId "12946206"]
[BlackFideId "12907715"]
[EventCountry "GER"]
[EventRounds "7"]
[EventType "team-swiss"]
[EventDate "2010.12.26"]

1. e4 d5 2. exd5 Nf6 3. Bc4 Nxd5 4. Bxd5 Qxd5 5. Nf3 Qe4+ 6. Kf1 e6 7. Nc3 Qc6
8. Nd4 Qc4+ 9. Nde2 b6 10. d3 Qc6 11. Nd4 Qd7 12. Qf3 c6 13. Be3 Bb7 14. Qg3 c5
15. Ndb5 Na6 16. Bf4 Bc6 17. Nc7+ Nxc7 18. Bxc7 Rc8 19. Be5 f6 20. Bf4 e5 21.
Re1 Bd6 22. Ne4 Bxe4 23. Rxe4 Kf7 24. Be3 1/2-1/2

[Event "DVM U12 2010"]
[Site "Templin OT Groß Dölln GER"]
[Date "2010.12.28"]
[Round "3"]
[White "Bach, Marc-Andre"]
[Black "Soos, Philipp"]
[Result "1-0"]
[Termination "normal"]
[Board "4.4"]
[WhiteElo "1682"]
[BlackElo "1107"]
[WhiteTeam "SG Trier"]
[BlackTeam "SV Backnang"]
[WhiteFideId "1270773"]
[BlackFideId "12943967"]
[EventCountry "GER"]
[EventRounds "7"]
[EventType "team-swiss"]
[EventDate "2010.12.26"]

1. e4 e6 2. d4 d5 3. Nd2 c5 4. Ngf3 Nc6 5. Bb5 Bd7 6. exd5 exd5 7. c3 Qb6 8.
Qe2+ Nge7 9. c4 dxc4 10. Qxc4 Nxd4 11. Bxd7+ Kxd7 12. Nxd4 cxd4 13. Nf3 Qe6+
14. Qxe6+ fxe6 15. Nxd4 Nf5 16. Nf3 Bb4+ 17. Bd2 Bxd2+ 18. Kxd2 Rad8 {=} 19.
Rad1 Ke7+ 20. Ke2 Rxd1 21. Rxd1 Rd8 22. Rxd8 Kxd8 23. Kd3 Ke7 {=} 24. b3 Kd6
25. Ke4 b6 26. Nd4 Nxd4 27. Kxd4 b5 28. a3 a5 29. b4 a4 30. h4 e5+ 31. Ke4 Ke6
32. h5 g5 33. hxg6 hxg6 34. g3 g5 35. g4 Kf6 36. Kd5 Ke7 37. Kxe5 Kf7 38. Kf5
Kg8 39. Kxg5 Kg7 40. f4 Kg8 41. f5 Kg7 42. f6+ Kf7 43. Kf5 Kf8 44. g5 Kf7 45.
g6+ Kf8 46. Ke6 Ke8 47. g7 Kd8 48. Kd6 Kc8 49. Kc6 Kb8 50. g8=Q+ Ka7 51. Qf7+
Ka8 52. Qb7# 1-0

[Event "DVM U12 2010"]
[Site "Templin OT Groß Dölln GER"]
[Date "2010.12.28"]
[Round "3"]
[White "Poghosyan, Tigran"]
[Black "Gast, Benedikt"]
[Result "1-0"]
[Termination "normal"]
[Board "5.1"]
[WhiteElo "1542"]
[BlackElo "1434"]
[WhiteTeam "Lübecker SV"]
[BlackTeam "SV Breitenworbis"]
[WhiteFideId "12909319"]
[BlackFideId "12937967"]
[EventCountry "GER"]
[EventRounds "7"]
[EventType "team-swiss"]
[EventDate "2010.12.26"]

1. e4 e5 2. Nf3 d6 3. d4 exd4 4. Qxd4 Nf6 5. Nc3 Be7 6. Bg5 O-O 7. O-O-O Be6 8.
Qd2 Ng4 9. Bxe7 Qxe7 10. Nd4 Nd7 11. f4 Nc5 12. h3 Nf6 13. Bd3 Rae8 14. g4 c6
15. Rdg1 Rd8 16. g5 Ne8 17. h4 Qc7 18. h5 Qa5 19. a3 Qb6 20. f5 Bc8 21. f6 g6
22. hxg6 fxg6 23. Rxh7 Rf7 24. Rh6 Rdd7 25. Rxg6+ Kh8 26. Rh1+ Rh7 27. Rgh6 Qc7
28. g6 Nxf6 29. gxh7 1-0

[Event "DVM U12 2010"]
[Site "Templin OT Groß Dölln GER"]
[Date "2010.12.28"]
[Round "3"]
[White "Vergin, Marcel"]
[Black "Kololli, Kevin"]
[Result "1-0"]
[Termination "normal"]
[Board "5.2"]
[WhiteElo "1182"]
[BlackElo "1324"]
[WhiteTeam "SV Breitenworbis"]
[BlackTeam "Lübecker SV"]
[BlackFideId "12936863"]
[EventCountry "GER"]
[EventRounds "7"]
[EventType "team-swiss"]
[EventDate "2010.12.26"]

1. d4 Nf6 2. c4 c5 3. e3 e6 4. Nc3 Nc6 5. Nf3 d5 6. a3 a5 7. b3 Be7 8. Bb2 O-O
9. Be2 Re8 10. O-O b6 11. Qc2 dxc4 12. dxc5 Bxc5 13. Bxc4 Bb7 14. Rfd1 Qc7 15.
Nb5 Qe7 16. Bxf6 gxf6 17. Rd2 Ne5 18. Nxe5 fxe5 19. Bd3 Qg5 20. Bxh7+ Kh8 21.
Be4 Bxe4 22. Qxe4 Rg8 23. g3 Rg7 24. Qxa8+ 1-0

[Event "DVM U12 2010"]
[Site "Templin OT Groß Dölln GER"]
[Date "2010.12.28"]
[Round "3"]
[White "Kololli, Martin"]
[Black "Schirmer, Christoph"]
[Result "1-0"]
[Termination "normal"]
[Board "5.3"]
[WhiteElo "1431"]
[BlackElo "1086"]
[WhiteTeam "Lübecker SV"]
[BlackTeam "SV Breitenworbis"]
[WhiteFideId "12936910"]
[EventCountry "GER"]
[EventRounds "7"]
[EventType "team-swiss"]
[EventDate "2010.12.26"]

1. e4 {[%emt 0:00:00]} e5 2. f4 exf4 3. Nf3 d6 4. Bc4 Nc6 5. d4 g5 6. h4 Be7 7.
hxg5 Bxg5 8. Nc3 Bg4 9. g3 Bxf3 10. Qxf3 Nxd4 11. Qh5 Kd7 12. O-O c6 13. Bxf4
Bxf4 14. Rxf4 Kc7 15. Rxf7+ Kb6 16. Na4# 1-0

[Event "DVM U12 2010"]
[Site "Templin OT Groß Dölln GER"]
[Date "2010.12.28"]
[Round "3"]
[White "Richardt, Angelina"]
[Black "Altemüller, Jakob"]
[Result "1-0"]
[Termination "normal"]
[Board "5.4"]
[WhiteElo "1101"]
[BlackElo "1205"]
[WhiteTeam "SV Breitenworbis"]
[BlackTeam "Lübecker SV"]
[WhiteFideId "12938149"]
[EventCountry "GER"]
[EventRounds "7"]
[EventType "team-swiss"]
[EventDate "2010.12.26"]

1. e4 e5 2. Nf3 Nc6 3. Bc4 Bc5 4. c3 Nf6 5. d3 h6 6. b4 Bb6 7. b5 Na5 8. Nxe5
O-O 9. Bb3 d6 10. Nf3 Bg4 11. Nbd2 Re8 12. O-O Qd7 13. Bc2 Re7 14. a4 d5 15.
Re1 Rae8 16. Bb2 h5 17. h3 dxe4 18. dxe4 Bxf3 19. Nxf3 Qxd1 20. Raxd1 Nxe4 21.
Bxe4 Rxe4 22. Rxe4 Rxe4 23. Rd8+ Kh7 24. Ng5+ Kg6 25. Nxe4 Nc4 26. Bc1 Ba5 27.
Nd2 Ne5 28. Bb2 c6 29. Rd4 Bb6 30. Re4 Nd3 31. Nc4 Nxf2 32. Re2 Nxh3+ 33. Kh2
Nf4 34. Rd2 Bc7 35. g3 Nd5 36. Kh3 cxb5 37. Rxd5 bxc4 38. Rc5 Bd6 39. Rxc4 b6
40. Rc6 1-0

[Event "DVM U12 2010"]
[Site "Templin OT Groß Dölln GER"]
[Date "2010.12.28"]
[Round "3"]
[White "Niediek, Cedric"]
[Black "Böhning, Kilian"]
[Result "0-1"]
[Termination "normal"]
[Board "6.1"]
[WhiteElo "1715"]
[BlackElo "1688"]
[WhiteTeam "LSV Turm Lippstadt"]
[BlackTeam "Hagener SV"]
[BlackFideId "1270499"]
[EventCountry "GER"]
[EventRounds "7"]
[EventType "team-swiss"]
[EventDate "2010.12.26"]

1. e4 d5 2. exd5 Qxd5 3. Nc3 Qa5 4. d4 Nf6 5. Nf3 Bg4 6. Bd3 Nc6 7. Bb5 O-O-O
8. Bxc6 bxc6 9. O-O e5 10. Bg5 exd4 11. Bxf6 gxf6 12. Ne4 Qf5 13. Ng3 Qd5 14.
h3 Be6 15. Qd3 Qb5 16. Qxb5 cxb5 17. a4 b4 18. Rfd1 c5 19. b3 Rg8 20. Kh1 Be7
21. Rd2 Kc7 22. Re1 a5 23. Nf5 Rd7 24. Nxe7 Rxe7 25. Rde2 Rg7 26. Nh4 Rd7 27.
f4 Kd6 28. Kh2 Rc7 {Partie konnte ab dem 29. Zug nicht mehr sicher
nachvollzogen werden} 0-1

[Event "DVM U12 2010"]
[Site "Templin OT Groß Dölln GER"]
[Date "2010.12.28"]
[Round "3"]
[White "Laubrock, Paul"]
[Black "Reale, Salvatore"]
[Result "0-1"]
[Termination "normal"]
[Board "6.2"]
[WhiteElo "1377"]
[BlackElo "1332"]
[WhiteTeam "Hagener SV"]
[BlackTeam "LSV Turm Lippstadt"]
[WhiteFideId "1270509"]
[EventCountry "GER"]
[EventRounds "7"]
[EventType "team-swiss"]
[EventDate "2010.12.26"]

1. d4 d5 2. Bf4 g6 3. Qd2 Nf6 4. f3 Nc6 5. Nc3 Bg7 6. e4 dxe4 7. fxe4 Qxd4 8.
Bxc7 Nxe4 9. Qxd4 Nxd4 10. Nxe4 Nxc2+ 11. Kd2 Nxa1 12. Kc1 Bf5 13. Bd3 Rc8 14.
Kb1 Rxc7 15. Kxa1 O-O 16. Ne2 Rd8 17. Bb1 Bg4 18. N2c3 f5 19. Nf2 Rxc3 20. h3
Rd2 21. hxg4 Rxf2 22. gxf5 Rc1 23. a3 Rxh1 24. fxg6 Bxb2+ 25. Ka2 Bd4+ 26. Bc2
Rxc2+ 27. Kb3 Rc3+ 28. Ka2 Rh2 29. gxh7+ Kxh7 30. a4 Rxg2+ 31. Kb1 Ra3 32. a5
Ra1# 0-1